Rousseau... Ou Larusso ? - Statistiques

Statistiques générales
  • Ce quiz a été pris 3 411 fois
  • Le résultat moyen est 12 sur 15
Statistiques - réponses
Question Réponse % Correct
A fait la première partie de Johnny Hallyday Larusso
95%
A remporté une finale de Mask Singer Larusso
92%
653 rues portent son nom en France (chiffres de 2022) Rousseau
91%
A dit : "Tu oublieras tous ces jours, tout ce temps, qui n’appartenait qu’à nous, ces réveils au matin, tes bras autour de mon cou, et l’amour que l’on faisait n’importe où". Larusso
89%
"Je suis tombé par terre, c'est la faute à Voltaire / Le nez dans le ruisseau, c'est la faute à ____" Rousseau
89%
A dit : "L'âme résiste bien plus aisément aux vives douleurs qu'à la tristesse prolongée". Rousseau
85%
A publié "Pygmalion" Rousseau
84%
A les cheveux roux Larusso
79%
A une homonyme femme politique et députée Rousseau
79%
A publié "Simplement" Larusso
75%
A dit : "Généralement, les gens qui savent peu parlent beaucoup, et les gens qui savent beaucoup parlent peu". Rousseau
69%
A écrit une autobiographie nommée "Les Confessions" Rousseau
69%
Est né à Genève Rousseau
66%
A traduit des œuvres étrangères Les deux
59%
A composé des œuvres musicales Les deux
47%
Aucun quiz correspondant
Distribution des résultats
% des personnes avec chaque résultat
Percentile par nombre de réponses
Votre historique - résultats
Vous n’avez pas pris ce quiz